000 00361 a2200145 4500
040 _aDLC
_bDLC
082 _a891.4393
100 _aM. Hamid Shahid
245 _aLamho ka lamas
_cM. Hamid Shahid
260 _aIslamabad:
_bAl-Kalam,
_c1995.
300 _a144p.
_c24 cm,
500 _a Includes Index
650 _a Urdu Literature
942 _cBK
_k891.4393 HAM
_2ddc
999 _c8870
_d8870